00358nam a2200109Ia 4500008004100000082001500041100002100056245003700077260003500114630001800149650008100167211122s9999||||xx |||||||||||||| ||und|| a810bBRA-A aBradley, Sculley 0aAmerican Tradition in Literature bGrosset & DunlapaCanadac1956 xGeneral Stack aAmerican LiteraturevEnglish Literatureamerican literature in englishEnglish